Historia universal de la infamia /
Guardado en:
| Autor Principal: | |
|---|---|
| Formato: | Libro |
| Publicado: |
Buenos Aires :
Emece,
1966
|
| Edición: | 6ta. ed. |
| Materias: | |
| Etiquetas: |
Agregar Etiqueta
Sin Etiquetas, Sea el primero en etiquetar este registro!
|
| LEADER | 01199nam a22002055a 4500 | ||
|---|---|---|---|
| 001 | EHU.bham024400 | ||
| 003 | AR-BHAM | ||
| 005 | 20130507143650.0 | ||
| 008 | 130507s1966##################000#0#####d | ||
| 082 | A | 8 | |a 863.4 |
| 100 | 1 | |a Borges, Jorge Luis | |
| 245 | 1 | 0 | |a Historia universal de la infamia / |c Jorge Luis Borges |
| 250 | |a 6ta. ed. | ||
| 260 | |a Buenos Aires : |b Emece, |c 1966 | ||
| 300 | |a 137 p. | ||
| 505 | 0 | |a Historia universal de la infamia: El espantoso redentor Lazarus Morell -- El impostor inverosímil Tom Castro -- La viuda Ching, pirata -- El proveedor de iniquidades Monk Eastman -- El asesino desinteresado Bill Harrigan -- El incivil maestro de ceremonias Kotsuké no Suké -- El tintorero enmascarado Hákim de Merv Hombre de la esquina rosada Etcétera: El teólogo en la muerte -- La cámara de las estatuas -- Historia de los dos que soñaron -- El brujo postergado -- El espejo de tinta -- Un doble de Mahoma -- El enemigo generoso -- Del rigor de la ciencia | |
| 653 | |a Donacion lejarraga | ||
| 653 | |a Literatura argentina-1911- | ||
| 653 | |a Cuento argentino-1911- | ||
| 859 | |a AR-BHAM |b BIB. HUMANIDADES - General |h A863.4 |i B644-13 |k A |p 158.02 |t Ej.1 | ||
